| 000 | 00633nam a2200181 a 4500 | ||
|---|---|---|---|
| 001 | 3021 | ||
| 005 | 20140414132001.0 | ||
| 008 | 060119s19uu xx 00 eng d | ||
| 020 | _a0-439-43893-4 | ||
| 050 |
_aTR 414 _bG75 2004 |
||
| 100 | _aGrant, Shelley | ||
| 245 |
_a40 wonderful blend & diagraph poems, Grades K-2 / _cby Shelley Grant and Dana Haddad. |
||
| 260 |
_aNew York : _bScholastic, _c2004. |
||
| 300 | _a48 p. ; cm. | ||
| 520 | _aA delightful collection of poems with an easy to use lesson plan to help young learners build key phonics skills. | ||
| 650 |
_aEnglish language _xJuvenile literature. |
||
| 999 |
_c113073 _d113073 |
||